MDQL
is popping MORE tags! Check the
thread
!
Quizzes
Events
Quiz Creation
Community
Videos
Private Events
Remove Ads
Sign In
Join for FREE
Feedback
Dark Mode
Quiz Categories
Sports
Geography
Music
Movies
Television
Just For Fun
Miscellaneous
History
Literature
Language
Science
Gaming
Entertainment
Religion
Holiday
For Kids
Quiz Lab
Recent
Popular Today
Quiz Kudos Today
Editor Picks
Curator Picks
Quizzes by...
Day
Popularity
Type
Ratings
Length
Year
Community
Subscriptions
Recent Discussions
Orange Saloon
Badges
Playlists
Quests
Create
Leaderboards
Showdown
Live 5
Trivia Bingo
Activity
Puzzle Library
Sporcle Events
Private Events
Virtual Trivia
Globe League
Become a Host
Pub Owners
SporcleCon
Opinionation
Our Games
Videos
Blog
Mobile Apps
Partnerships
Remove Ads and Go Orange
Feedback
Music
Pop Music
The Beatles
Song
Album
Lyrics
Bands
Singers
Artist
Clip
Rock
Rap
Classical
Billboard
Country Music
Kpop
Taylor Swift
Music
Pop Music
The Beatles
Song
Album
Lyrics
Bands
Singers
Artist
Clip
Rock
Rap
Classical
Billboard
Country Music
Kpop
Taylor Swift
Random Quiz
Search Sporcle
×
Quiz Lab
Quiz Lab
Music
Country
Type in answers that appear in a list
Type in answers that appear in a list
Classic
Best Score? Go Orange.
Singer by Country of Birth Stats
Can you name the country in which each of these singers were born in?
By
mattyd2505
5m
27 Questions
174 Plays
174 Plays
174 Plays
Comments
Comments
Give Quiz Kudos
Give Quiz Kudos
-
- Ratings
hide this ad
Forced Order
Answers have to be entered in order
Answers have to be entered in order
Random Order
Randomize order of answers
Randomize order of answers
Replay
Link that replays current quiz
Next Quiz
Link to next quiz in quiz playlist
You Got
0%
They Got
Avg Score
55%
Avg Friend Score
Upgrade to see
Score Distribution
Jump to the score distribution portion of the page
Score
0/27
Timer
05:00
0
Plays Today
Singer
Birthplace
% Correct
Yoko Ono
Tokyo, Japan
85.1%
Bob Marley
Nine Mile, Jamaica
81.6%
Bono
Dublin, Ireland
80.5%
Luciano Pavarotti
Modena, Italy
78.2%
Rihanna
Saint Michael, Barbados
77.6%
Shakira
Barranquilla, Colombia
77.6%
Amy Winehouse
London, UK
75.3%
Enrique Iglesias
Madrid, Spain
75.3%
Bob Dylan
Duluth, MN, USA
74.7%
Bjork
Reykjavik, Iceland
73%
Carlos Santana
Autlan de Navarro, Mexico
71.8%
Kylie Minogue
Melbourne, Australia
71.8%
Bryan Adams
Kingston, ON, Canada
71.8%
Edith Piaf
Paris, France
57.5%
Singer
Birthplace
% Correct
Till Lindemann
Leipzig, Germany
56.9%
Freddie Mercury
Zanzibar, Tanzania
56.3%
Nicki Minaj
Port of Spain, Trinidad and Tobago
48.9%
Wyclef Jean
Croix-des-Bouquets, Haiti
48.9%
Robyn
Stockholm, Sweden
42.5%
Dave Matthews
Johannesburg, South Africa
36.8%
Daniel Bedingfield
New Zealand
30.5%
Alexi Laiho
Espoo, Finland
28.2%
Cliff Richard
Lucknow, India
24.1%
Serj Tankian
Beirut, Lebanon
19.5%
Khaled
Sidi El Houari, Algeria
17.2%
Ali Farka Toure
Timbuktu, Mali
17.2%
Gabriela and Monica Irimia
Cluj-Napoca, Romania
13.8%
Quiz Playlist
Details
Report
Send in Message
Add To Playlist
Classic:
Type in answers that appear in a list
Forced Order:
Answers have to be entered in order
Random Order:
Randomize order of answers
Last Updated: Jul 9, 2017
Quiz Scoreboard
CHALLENGE
Sign Up to Join the Scoreboard
Show All
Scores
Hide
Comments
May contain spoilers
Recently Published
Holiday 10x10 Sorting Gallery
by lukepisani3
Holiday
15m
Two Season TV Shows II
by 123Four
Television
10m
Image Sorting: Flags VI
by Barbecue
Geography
2m
More to Explore
Quiz From the Vault
Featured Blog Post
14 Easter Pick-up Lines to Find Eggs With
hide this ad
You Might Also Like...
Tags
Bands Quiz
Country Quiz
Pop Music Quiz
Rock Quiz
Singers Quiz
Song Quiz
birthplace
Born
metal
Musician
Nationality
Today's Top Quizzes in Music
Browse Music
hide this ad
Today's Top Quizzes in Country
Browse Country
Top Contributed Quizzes in Music
1
5X2 Blitz: Bands II
2
5X2 Blitz: The Beatles
3
Taylor Swift All Songs (2024)
4
5X2 Blitz: Billboard
5
5X2 Blitz: Billboard II
6
Music Artist by Three 2010s hits
7
5X2 Blitz: Album
8
5X2 Blitz: Rock
9
5X2 Blitz: Singers
10
5X2 Blitz: Lyrics
Explore More
Trending Topics
Harry Potter
Disney
Marvel
Crossword
NBA
Kpop
Anime
NFL
Puzzle
Soccer
Pokémon
WWE
Song
Country
The Office
hide this ad
More By:
mattyd2505
Quiz
Plays
Rating
Category
Featured
Created
Successful Olympic Hosts
84,435
4.41
Sports
Oct 12, 2011
The Europe Quiz
37,711
4.25
Geography
Sep 3, 2010
The Ukraine Quiz
34,345
4.18
Geography
Aug 16, 2010
The Saudi Arabia Quiz
17,694
3.71
Geography
Aug 17, 2010
European Stadium City by Capacity
12,436
4.54
Geography
Dec 3, 2010
Go to Creator's Profile
Score Distribution
Quiz Creator Spotlight
mattyd2505
Follow
Send a Message
Quizzes Created
-
Created Quiz Play Count
-
More By This Creator
Popular Quizzes Today
1
Find the US States - No Outlines Minefield
2
Colored Red Africa Blitz
3
Find the 'City' Movie
4
5x2 Blitz: Bands
5
The Countries of the World
6
Find the Countries of Europe - No Outlines Minefield
7
Find the US States
8
US States
More Music Quizzes
CMA Male Vocalist of the Year crossword (2000-21)
Editor's Pick
Trending Quizzes
Colored Red Europe Blitz I
Colored Red Africa Blitz II
Colored Red Europe Blitz II
Even More Two Season TV Shows
Colored Red Africa Blitz III
Recently Updated
March Madness Men's Triple Doubles
pecheneg
How Do You Spell That?
pecheneg
Godzilla Movies
pecheneg
Grab Bag: 4-10 Letters
pecheneg
2024 March Madness Bracket
pecheneg
Famous TV Couples
Peacemaker
Champions League XIs: Real Madrid
pecheneg
Largest US Cities 1790-2010
pecheneg
Rides in Walt Disney World
pecheneg
Most Oscar Losses (Acting)
pecheneg
Trending Topics
Marvel
NBA
Kpop
Crossword
Disney
Harry Potter
Anime
Country
Pokémon
Soccer
NFL
WWE
Puzzle
Song
The Office
Your Account Isn't Verified!
In order to create a playlist on Sporcle, you need to verify the email address you used during registration. Go to your
Sporcle Settings
to finish the process.
Report this User
Report this user for behavior that violates our
Community Guidelines
.
Details:
Send Report
Go to the Sporcle.com Mobile Site →
Comments